Význam oceňovania zamestnancov

Angažovaný zamestnanec. Tri úrovne angažovanosti. Prínos angažovaných zamestnancov pre firmu. Manažéri a ocenenie angažovaných zamestnancov.

Salvato in:
Dettagli Bibliografici
Autore principale: Jakubíková, Monika
Natura: Capitolo di libro
Lingua:slovacco
Soggetti:
Tags: Aggiungi Tag
Nessun Tag, puoi essere il primo ad aggiungerne!!

MARC

LEADER 00000naa a2200000 4500
001 0235607
005 20220805074308.6
041 0 |a slo 
044 |a SK 
245 1 0 |a Význam oceňovania zamestnancov  |c Monika Jakubíková 
520 |a Angažovaný zamestnanec. Tri úrovne angažovanosti. Prínos angažovaných zamestnancov pre firmu. Manažéri a ocenenie angažovaných zamestnancov. 
610 2 0 |a firmy 
610 2 0 |a zamestnanci 
610 2 0 |a výkony pracovné 
610 2 0 |a ohodnotenie osobné 
610 2 0 |a manažéri 
100 1 |a Jakubíková, Monika